| 000 | 01052cam a2200229 4500 | ||
|---|---|---|---|
| 001 | L136626 | ||
| 008 | 070212n2005 000 0 eng u | ||
| 035 | _a(Sirsi) u136626 | ||
| 041 | 0 | _aeng | |
| 100 | 1 | _aBerry, Maurice | |
| 245 | 0 | 4 |
_aThe business skills of graduate surveyors _h[electronic resource] |
| 260 |
_aBrisbane _bQueensland University of Technology _c2005 |
||
| 490 | 0 |
_aCOBRA _v2005 |
|
| 520 | _aDiscusses the role of lifelong learning and the increasing emphasis on the development of transferable key skills. Reports there to be significant support for the concept of improving the management skills of graduate surveyors, however the delivery methods appear to be controversial. | ||
| 590 | _aKA | ||
| 651 | 4 | _aInternational | |
| 690 | _aCAREERS, EDUCATION AND TRAINING | ||
| 700 | 1 | _aTurrell, Pat | |
| 700 | 1 | _aWilkinson, Sara J. | |
| 856 | 4 | 0 |
_uhttps://www.rics.org/Careerseducationandtraining/Lifelonglearning/Business_skills_of_graduate_surveyors20051117.htm _zView the item free of charge at www.rics.org... |
| 942 | _n0 | ||
| 999 |
_c106459 _d106459 |
||